[Event "Dortmund2"]
[Site "Dortmund"]
[Date "2003.05.16"]
[Round "10"]
[White "Krogmann, Peter"]
[Black "Schrimpl, Michael"]
[Result "0-1"]
[WhiteElo "1340"]
[BlackElo "1394"]
[PlyCount "130"]
[EventDate "2003.03.26"]
[EventType "tourn"]
[EventRounds "13"]
[EventCountry "GER"]
[SourceTitle "EXT 2007"]
[Source "ChessBase"]
[SourceDate "2006.11.23"]
[SourceVersion "1"]
[SourceVersionDate "2006.11.23"]
[SourceQuality "1"]

1. e4 e6 2. Nc3 d5 3. exd5 exd5 4. Qe2+ Be7 5. d4 Nf6 6. Nf3 0-0 7. Qd3 Re8 8. Be2 Be6 9. Ng5 Nc6 10. Nxe6 fxe6 11. a3 a6 12. 0-0 Bd6 13. Bg5 Rf8 14. Qe3 Qd7 15. Bd3 Nh5 16. Ne2 Rae8 17. Rae1 e5 18. dxe5 Bxe5 19. Qh3 Qxh3 20. gxh3 Bxb2 21. Rb1 Bxa3 22. Rxb7 Bd6 23. Ra1 Ne5 24. Nd4 Nxd3 25. cxd3 Be5 26. Ra4 Nf4 27. Bxf4 Rxf4 28. Rxa6 Rxd4 29. Ra3 Bd6 30. Rab3 Re1+ 31. Kg2 Rd1 32. Rb8+ Kf7 33. Rd8 R4xd3 34. Rbb8 Re1 35. Rbc8 Rc3 36. Rxd6 cxd6 37. Rxc3 Ke6 38. Kf3 Ke5 39. Rc7 Kf6 40. Rd7 Re6 41. Rc7 h5 42. h4 Re4 43. Kg3 g6 44. h3 d4 45. f3 d3 46. Rc1 d2 47. Rd1 Re2 48. f4 Re3+ 49. Kg2 Rd3 50. Kf2 Rxh3 51. Rxd2 Rh2+ 52. Ke3 Rxd2 53. Kxd2 Kf5 54. Ke3 d5 55. Kf3 d4 56. Ke2 Kxf4 57. Kf2 d3 58. Ke1 Ke3 59. Kf1 d2 60. Kg2 d1Q 61. Kh2 Qf3 62. Kg1 Qg4+ 63. Kh2 Qxh4+ 64. Kg2 g5 65. Kg1 Kf3 0-1

[Event "Dortmund2"]
[Site "Dortmund"]
[Date "2003.05.02"]
[Round "7"]
[White "Krogmann, Peter"]
[Black "Beckers, Juergen"]
[Result "0-1"]
[WhiteElo "1340"]
[BlackElo "1321"]
[PlyCount "102"]
[EventDate "2003.03.26"]
[EventType "tourn"]
[EventRounds "13"]
[EventCountry "GER"]
[SourceTitle "EXT 2007"]
[Source "ChessBase"]
[SourceDate "2006.11.23"]
[SourceVersion "1"]
[SourceVersionDate "2006.11.23"]
[SourceQuality "1"]

1. e4 e5 2. Nf3 Nc6 3. Bc4 Bc5 4. d3 Nf6 5. Bg5 Be7 6. Bxf6 Bxf6 7. Nc3 Na5 8. Nd2 c6 9. a3 Nxc4 10. Nxc4 d6 11. Ne3 g6 12. Qf3 Be6 13. Ng4 Bg7 14. 0-0 Qg5 15. Ne3 0-0 16. Ne2 Qe7 17. c4 b6 18. Nc3 Bh6 19. Ng4 Bg7 20. a4 f5 21. Ne3 f4 22. Nc2 Qg5 23. h3 Qe7 24. b3 a6 25. a5 b5 26. Rfd1 Qh4 27. d4 bxc4 28. d5 cxd5 29. Nxd5 Bxd5 30. Rxd5 cxb3 31. Na3 b2 32. Rb1 Rab8 33. Nc4 Rfc8 34. Rxb2 Rxb2 35. Nxb2 Rc1+ 36. Nd1 Qd8 37. Qa3 Rc6 38. Qd3 Qc7 39. Nb2 Bf8 40. Qb3 Kg7 41. Nd3 Rc3 42. Qb2 Qc4 43. Qe2 Be7 44. f3 Rb3 45. Ne1 Qb4 46. Kf1 Bh4 47. Qd2 Qc4+ 48. Qe2 Re3 49. Nd3 Rxe2 50. Kxe2 Qc2+ 51. Kf1 Qd1+ 0-1

[Event "Dortmund2"]
[Site "Dortmund"]
[Date "2003.03.29"]
[Round "2"]
[White "Heckers, Uwe"]
[Black "Krogmann, Peter"]
[Result "1/2-1/2"]
[WhiteElo "1353"]
[BlackElo "1340"]
[PlyCount "44"]
[EventDate "2003.03.26"]
[EventType "tourn"]
[EventRounds "13"]
[EventCountry "GER"]
[SourceTitle "EXT 2007"]
[Source "ChessBase"]
[SourceDate "2006.11.23"]
[SourceVersion "1"]
[SourceVersionDate "2006.11.23"]
[SourceQuality "1"]

1. c4 Nf6 2. Nc3 g6 3. d4 e6 4. Nf3 Bb4 5. Bg5 Bxc3+ 6. bxc3 h6 7. Bxf6 Qxf6 8. e4 b6 9. Bd3 Bb7 10. 0-0 d6 11. Re1 Nd7 12. a4 a5 13. Rb1 0-0-0 14. Re2 g5 15. Reb2 e5 16. d5 g4 17. Ne1 h5 18. g3 Qg5 19. Ng2 Rh7 20. Nh4 f6 21. Qe2 Nc5 22. Ra2 Rdd7 1/2-1/2

[Event "Dortmund1"]
[Site "Dortmund"]
[Date "2002.04.27"]
[Round "5"]
[White "Krogmann, Peter"]
[Black "Aragon, Jorge"]
[Result "1-0"]
[WhiteElo "1261"]
[BlackElo "1124"]
[PlyCount "79"]
[EventDate "2002.04.10"]
[EventType "tourn"]
[EventRounds "13"]
[EventCountry "GER"]
[SourceTitle "EXT 2007"]
[Source "ChessBase"]
[SourceDate "2006.11.23"]
[SourceVersion "1"]
[SourceVersionDate "2006.11.23"]
[SourceQuality "1"]

1. g3 e5 2. Bg2 d5 3. d4 e4 4. b3 Bb4+ 5. Bd2 Qd6 6. c3 Ba3 7. Nxa3 Qxa3 8. e3 c5 9. Ne2 Bg4 10. 0-0 Ne7 11. f3 exf3 12. Bxf3 Bh3 13. Rf2 Nd7 14. Nf4 Be6 15. Nxe6 fxe6 16. Bg4 Qa6 17. Qe2 Qxe2 18. Rxe2 Nf5 19. e4 dxe4 20. Rxe4 0-0 21. Rxe6 Rf6 22. Rxf6 gxf6 23. Bxf5 Rd8 24. Bxd7 Rxd7 25. Be3 Re7 26. Re1 cxd4 27. cxd4 b5 28. Kf2 Kg7 29. Bh6+ Kf7 30. Rxe7+ Kxe7 31. Ke3 Ke6 32. g4 a5 33. a3 Kd5 34. h4 Ke6 35. Ke4 Kf7 36. Kf5 Ke7 37. Bg7 Kf7 38. Bxf6 h6 39. h5 Kg8 40. Kg6 1-0